Sbírka příkladů z ekonomiky vnitřního obchodu, rozbory a plánování
Salvato in:
| Autore principale: | |
|---|---|
| Altri autori: | , |
| Natura: | Libro |
| Lingua: | ceco |
| Pubblicazione: |
Praha
Stát. ped. nakl.
1986
|
| Edizione: | 1. vyd. |
| Tags: |
Nessun Tag, puoi essere il primo ad aggiungerne!!
|
MARC
| LEADER | 00000nam a2200000 4500 | ||
|---|---|---|---|
| 001 | c026838 | ||
| 005 | 20221220072638.9 | ||
| 041 | 0 | |a cze | |
| 044 | |a CZ | ||
| 245 | 1 | 0 | |a Sbírka příkladů z ekonomiky vnitřního obchodu, rozbory a plánování |c Miloš Mařík, Marie Přibová, Jan Koudelka |
| 250 | |a 1. vyd. | ||
| 264 | 1 | |a Praha |b Stát. ped. nakl. |c 1986 | |
| 300 | |a 160 s. | ||
| 100 | 1 | |a Mařík, Miloš | |
| 700 | 1 | |a Přibová, Marie | |
| 700 | 1 | |a Koudelka, Jan | |